[Event "Dzhubga op"]
[Site "Dzhubga"]
[Date "2023.08.05"]
[Round "5"]
[White "Kuznetsov, Sergey S"]
[Black "Saidov, Bilukhadzh"]
[Result "0-1"]
[WhiteElo "1851"]
[BlackElo "2309"]
[PlyCount "130"]
[EventDate "2023.08.01"]
[EventType "swiss"]
[EventRounds "9"]
[EventCountry "RUS"]
[SourceTitle "CBM 215 Extra"]
[Source "ChessBase"]
[SourceDate "2023.09.30"]
[SourceVersion "1"]
[SourceVersionDate "2023.09.30"]
[SourceQuality "1"]

1. d4 d5 2. c4 e6 3. Nc3 Nf6 4. Bg5 Be7 5. e3 0-0 6. Nf3 Nbd7 7. Bd3 dxc4 8. Bxc4 c5 9. 0-0 cxd4 10. Nxd4 Qa5 11. Bh4 Ne5 12. Be2 Ng6 13. Bg3 e5 14. Nf3 Bb4 15. Bc4 Bxc3 16. bxc3 Ne4 17. Rc1 Qc7 18. Bd5 Rd8 19. c4 Be6 20. Qb3 Nc5 21. Qa3 Rac8 22. Rfd1 b6 23. h3 f6 24. e4 Qe7 25. Qe3 Rd7 26. Rc2 Rdc7 27. Rdc1 Bf7 28. Kh2 h6 29. Ng1 Kh7 30. Ne2 Ne6 31. a3 Qc5 32. Qd3 Qe7 33. Qe3 Rc5 34. f3 Qc7 35. Qb3 Ngf4 36. Nxf4 Nd4 37. Qd3 Nxc2 38. Ne2 Kh8 39. Rxc2 Bxd5 40. exd5 b5 41. Nd4 bxc4 42. Qe4 Qd7 43. Nf5 c3 44. d6 Rc4 45. Qd3 R8c6 46. Ne7 Qxd6 47. Ng6+ Kg8 48. Qf5 Qe6 49. Qd3 Rd6 50. Qe3 Kf7 51. Nh8+ Kg8 52. Ng6 Rdc6 53. Qxa7 Rc7 54. Qb8+ Rc8 55. Qb7 Kh7 56. Nh4 f5 57. Bf2 R4c7 58. Qb6 Rc6 59. Qb7 R8c7 60. Qb5 g5 61. Re2 gxh4 62. Rxe5 Qd6 63. f4 c2 64. Be3 Qg6 65. Bc1 Qg3+ 0-1